Introduction to general chemistry

Bibliographic Details
Main Author: Holmes, Jerome K
Format: Section = Libro
Language:Undetermined
Spanish
Published: United States The C. V. Mosby Company 1976
Edition:3a. ed.
Subjects:
LEADER 00534nam a2200205Ia 4500
008 240830s9999 xx 000 0 und d
020 |a 0-8016-2223-8 
040 |a CEDOC FIQ-RUSB / 540 H 749 
041 |a spa 
082 |a 540 H 749 
100 1 |a Holmes, Jerome K 
245 1 0 |a Introduction to general chemistry 
250 |a 3a. ed. 
260 |a United States  |b The C. V. Mosby Company  |c 1976 
300 |a 483 p.: il. 
650 7 |a QUÍMICA GENERAL 
650 7 |b  DENSIDAD-TEMPERATURA 
942 |c BK  |2 ddc 
991 |a TEXTO 
999 |c 13796